| 000 | 00476nam a2200145Ia 4500 | ||
|---|---|---|---|
| 008 | 220216s9999 xx 000 0 und d | ||
| 100 | _aKato N | ||
| 245 | 0 | _aSequence characterization of styrene-butadiene rubber by ozonolysis- liquid chromatography/mass spectrometry | |
| 260 | _bProceedings of the International Rubber Conference, Kobe, Japan, 1995; p299-302 | ||
| 700 | _aHarada M | ||
| 700 | _aKuramasu H | ||
| 700 | _aKurihara S | ||
| 700 | _aOhshima N | ||
| 942 | _cJS | ||
| 999 |
_c68610 _d68610 |
||